• 首页
  • 本馆介绍
  • 公告通知
  • 最新文献
  • 馆藏检索
  • 电子资源
  • 读者导购
  • 参考咨询
  • 我的图书馆
  • 登录
  • 详细信息显示
  • 放入我的书架
  • 预约/预借图书
  • 作者相关作品
  • 分类相关作品
  • 丛书相关作品
  • 出版社相关作品

书目信息

  • 表格格式
  • 工作单格式
  • 卡片格式
题名:
一个“50后”心中的北京
    
 
作者: 焦尚意 著
分册:  
出版信息: 北京   北京大学出版社  2016
页数: 213页
开本: 23cm
丛书名: 北京学丛书
单 册:
中图分类: I25 , K291
科图分类:
主题词: 纪实文学--ji shi wen xue--中国--当代
电子资源:
ISBN: 978-7-301-26855-1
000 01220nam0 22002891 450
001 1738625369
005 20170627164649.0
010    @a978-7-301-26855-1@dCNY38.00
100    @a20160408d2016 em y0chiy50 ea
101 0  @achi
102    @aCN@b110000
105    @aa z 000yy
106    @ar
200 1  @a一个“50后”心中的北京@9yi ge 50hou xin zhong de bei jing@f焦尚意著
210    @a北京@c北京大学出版社@d2016
215    @a213页@c图,照片@d23cm
225 2  @a北京学丛书@9bei jing xue cong shu@i纪实系列@f张宝秀主编
300    @a北京市哲学社会科学北京学研究基地项目 北京市属高等学校高层次人才引进与培养计划项目资助
330    @a本书以作者的亲历亲闻和所思所感,应和着北京变迁的脚步,以个性化语言分别道来,内容互相联系又各成专题,有小胡同、大杂院、十里长街、十大建筑所构成的城市形象;有凭票证过日子、衣着迭次演进、俩轱辘进化成四个轱辘和都市新景观所透示出的市民生活;有从小学开启求学之路、诗歌影视不断发展所显现的社会文明。
461  0 @12001 @a北京学丛书
606 0  @a纪实文学@9ji shi wen xue@y中国@z当代
607    @a北京@Abei jing@x地方史
690    @aI25@v5
690    @aK291@v5
701  0 @a焦尚意@9jiao shang yi@f(1956~)@4著
801  0 @aCN@bTANGWEI@c20170626
905    @b1016348-53@dI25@e997@f6
    
    一个“50后”心中的北京/焦尚意著.-北京:北京大学出版社,2016
    213页:图,照片;23cm.-(北京学丛书.纪实系列/张宝秀主编)
    北京市哲学社会科学北京学研究基地项目 北京市属高等学校高层次人才引进与培养计划项目资助
    
    ISBN 978-7-301-26855-1:CNY38.00
    本书以作者的亲历亲闻和所思所感,应和着北京变迁的脚步,以个性化语言分别道来,内容互相联系又各成专题,有小胡同、大杂院、十里长街、十大建筑所构成的城市形象;有凭票证过日子、衣着迭次演进、俩轱辘进化成四个轱辘和都市新景观所透示出的市民生活;有从小学开启求学之路、诗歌影视不断发展所显现的社会文明。
●
相关链接 在E读中查询图书 在五车中查询图书 在当当中查询图书 在豆瓣中查询图书


正题名:一个"50后"心中的北京     索取号:I25/997         预约/预借

序号 登录号 条形码 馆藏地/架位号 状态 备注
1 1016348   210163482   第一样本阅览室/ [索取号:I25/997] 在馆    
2 1016349   210163491   教育系资料室/ [索取号:I25/997] 在馆    
3 1016350   210163507   教育系资料室/ [索取号:I25/997] 在馆    
4 1016351   210163516   教育系资料室/ [索取号:I25/997] 在馆    
5 1016352   210163525   第二借阅区/ [索取号:I25/997] 在馆    
6 1016353   210163534   第二借阅区/ [索取号:I25/997] 在馆    
唐山师范学院图书馆 欢迎您!
大连网信软件有限公司© 版权所有